| Поле | Название | Значение |
| |
Тип записи |
a |
| |
Библиографический уровень |
m |
| 001 |
Контрольный номер |
7ef9f11eb4e241008620c6d66d2afb44 |
| 005 |
Дата корректировки |
20251003164055.2 |
| 010 |
Индекс ISBN |
__ |
| a |
ISBN |
978-5-6045403-8-1 |
| d |
Цена |
1768-20; 1100-00 |
| 100 |
Данные общей обработки |
__ |
| a |
Данные общей обработки |
20210531d2020 am y0rusy028902 ca |
| 101 |
Язык документа |
1_ |
| a |
Язык текста |
ost |
| a |
Язык текста |
rus |
| 102 |
Страна публикации |
__ |
| a |
Страна публикации |
RU |
| 105 |
Кодированные данные (монография) |
__ |
| a |
Кодированные данные (монография) |
a z 010ad |
| 181 |
Поле кодированных данных: вид содержания |
_0 |
| a |
Код вида содержания (ISBD) |
i |
| 182 |
Поле кодированных данных: тип средства |
_0 |
| a |
Код типа средства (ISBD) |
n |
| 200 |
Заглавие и сведения об ответственности |
1_ |
| a |
Заглавие |
"За жизнь! За счастье!" |
| e |
Сведения, относящиеся к заглавию |
стихи, зарисовки, статьи |
| 203 |
Вид содержания и тип средства |
__ |
| a |
Вид содержания |
Текст |
| c |
Тип средства |
непосредственный |
| 210 |
Выходные данные |
1_ |
| d |
Дата издания |
2020 |
| 215 |
Физическое описание |
__ |
| a |
Объем |
210, [5] с. ил. |
| 300 |
Общие примечания |
__ |
| a |
Общие примечания |
Обязат. экз. (2021-1) |
| 333 |
Примечание о целевом назначении |
__ |
| a |
Примечание о целевом назначении |
6+. Для детей старше шести лет |
| 461 |
Уровень набора |
_0 |
| 1 |
|
700 1 |
| a |
|
Вагатова |
| b |
|
М. К. |
| g |
|
Мария Кузьминична |
| f |
|
1936- |
| 1 |
|
2001 |
| a |
|
Собрание сочинений |
| f |
|
Мария Вагатова ; [перевод на хантыйский язык автора] |
| v |
|
Т. 2 |
| 1 |
|
2101 |
| a |
|
Ханты-Мансийск |
| c |
|
Новости Югры |
| d |
|
2020 |
| 1 |
|
00195b530eee221461b9a970235519d2d7b |
| 1 |
|
203 |
| a |
|
Текст |
| c |
|
непосредственный |
| 606 |
Тематические рубрики |
__ |
| a |
Основная рубрика |
Художественная литература |
| 2 |
Код системы |
nlr_sh |
| 606 |
Тематические рубрики |
__ |
| a |
Основная рубрика |
Литература народов России (произведения) |
| y |
Географическая подрубрика |
ХМАО-Югра |
| y |
Географическая подрубрика |
Ханты-Мансийский автономный округ - Югра |
| y |
Географическая подрубрика |
Россия |
| 2 |
Код системы |
nlr_sh |
| 610 |
Ключевые слова |
0_ |
| a |
Ключевые слова |
хантыйская литература |
| 610 |
Ключевые слова |
0_ |
| a |
Ключевые слова |
литературное краеведение |
| 610 |
Ключевые слова |
0_ |
| a |
Ключевые слова |
публицистика |
| 610 |
Ключевые слова |
0_ |
| a |
Ключевые слова |
Великая Отечественная война |
| 610 |
Ключевые слова |
0_ |
| a |
Ключевые слова |
участники войны |
| 610 |
Ключевые слова |
0_ |
| a |
Ключевые слова |
ветераны |
| 610 |
Ключевые слова |
0_ |
| a |
Ключевые слова |
ветераны войны |
| 610 |
Ключевые слова |
0_ |
| a |
Ключевые слова |
стихи |
| 610 |
Ключевые слова |
0_ |
| a |
Ключевые слова |
краеведение |
| 610 |
Ключевые слова |
0_ |
| a |
Ключевые слова |
тема Великой Отечественной войны |
| 610 |
Ключевые слова |
0_ |
| a |
Ключевые слова |
статьи |
| 686 |
Индексы других классификаций |
__ |
| 2 |
Код системы |
rubbks |
| a |
Классификационный индекс |
К84(2=665.1)6; стК84(2=665.1)6 |
| 790 |
Имя лица - альтернативная форма |
_1 |
| a |
Имя лица - альтернативная форма |
Волдина |
| f |
Даты |
1936- |
| b |
Имя |
М. К. |
| g |
Полное личное имя |
Мария Кузьминична |
| 801 |
Источник записи |
_0 |
| a |
Страна |
RU |
| b |
Организация |
Муниципальное бюджетное учреждение культуры "Централизованная библиотечная система" г. Сургут (Центральная городская библиотека им. А. С. Пушкина) |
| c |
Дата составления |
20210531 |
| g |
Правила каталогизации |
PSBO |
| 801 |
Источник записи |
_1 |
| a |
Страна |
RU |
| b |
Организация |
Муниципальное бюджетное учреждение культуры "Централизованная библиотечная система" г. Сургут (Центральная городская библиотека им. А. С. Пушкина) |
| c |
Дата составления |
20210531 |
| g |
Правила каталогизации |
PSBO |
| 852 |
Данные о местонахождении |
__ |
| i |
Авторский знак |
В 12 |
| j |
Шифр хранения |
К84(2=665.1)6 |
| 900 |
Макрообъекты |
__ |
| a |
Макрообъекты |
За жизнь! За счастье! М. Вагатова, 2020 г. |
| 901 |
Тип документа |
__ |
| t |
Тип документа |
n |
| w |
Контрольный № источника |
95b530eee221461b9a970235519d2d7b |
| a |
Ответственный |
КиК/Котельникова |
| 903 |
Характеристики (МАРС) |
__ |
| c |
Наименование библиотеки (МАРС) |
Муниципальное бюджетное учреждение культуры "Централизованная библиотечная система" г. Сургут (Центральная городская библиотека им. А. С. Пушкина) |
| a |
Дата передачи |
20220404; 20210531 |
| 990 |
Данные о заказе (DOS) |
__ |
| j |
Количество экземпляров (DOS) |
3; 1 |
| t |
N записи в КСУ для И/У (DOS) |
202204; 202106 |